If the world was ending- JP Saxe feat. Julia Michaels Lyrics - Statistics

General Stats
  • This quiz has been taken 103 times
  • The average score is 389 of 465
Answer Stats
Answer % Correct
I
100%
was
100%
the
98%
The
98%
if
96%
If
96%
world
96%
a
94%
ending
94%
you
92%
be
90%
it
90%
It
90%
But
88%
but
88%
It's
88%
it's
88%
night
88%
over
88%
right
88%
Right
88%
when
88%
and
86%
And
86%
come
86%
didn't
86%
in
86%
me
86%
to
86%
Would
86%
would
86%
you'd
86%
You'd
86%
go
84%
think
84%
we
84%
We
84%
were
84%
Were
84%
earthquake
82%
for
82%
got
82%
happened
82%
know
82%
love
82%
out
82%
thinkin'
82%
fine
80%
hell
80%
of
80%
our
80%
stay
80%
weren't
80%
All
78%
drinkin'
78%
each
78%
fears
78%
irrelevant
78%
No
78%
other
78%
television
78%
traffic
78%
watchin'
78%
living
76%
really
76%
room
76%
been
74%
distracted
74%
figured
74%
forever
74%
how
74%
How
74%
even
72%
feel
72%
I'd
72%
i'd
72%
meant
72%
my
72%
now
72%
why
72%
year
72%
kitchen
70%
I've
68%
i've
68%
let
68%
your
68%
about
66%
down
66%
goodbye
66%
have
66%
heart
66%
make
66%
reason
66%
say
66%
there
66%
went
66%
wouldn't
66%
chillin'
64%
hold
64%
past
64%
imagine
62%
rippin'
62%
that
62%
tight
62%
tried
62%
without
62%
Stumbled
60%
communication
58%
die
58%
falling
58%
house
58%
reaction
58%
scare
58%
sky'd
50%
while
50%
Ah
36%
No matching quizzes found
Score Distribution
Percent of People with Each Score
Percentile by Number Answered
Your Score History
You have not taken this quiz